00681nam a2200205Ia 4500003000900000005001700009008004100026020001800067040001600085080001500101100002400116245007200140260003800212300001400250650003200264650004900296942001200345999001500357952010300372IN-BaIIA20250109104141.0211028s9999 xx 000 0 eng d a0-471-32380-2 cIIA Library a524-1bGRA aGray, David F98601 4aThe Observation and analysis of stellar photospherescDavid F. Gray aNew YorkbJohn Wiley & Sonsc1976 axv, 471p. a Stellar photosphere98602 aAstronomy and astrophysics thesaurus 91143 cBK2ddc c4828d4828 00104070aBANbBANcGENd1976-03-23l1o524-1/ GRAp5403r2024-10-19s2024-08-14w1976-03-23yBK